000 01956nam a2200385 c 4500
003 BLK
005 20180422110030.0
008 180409b bul|||||r ||||||| ||bul||
010 _aKNG00116798000
020 _a954-437-119-24
_bиздат.: Златорогъ
040 _aBLK
041 _aBUL
_cBUL
080 _aКорупция
_b328.185
_x:316(082.2)
_z328.185:316(082.2)
080 _aОбщество (в цялост). Обществото като система. - Обществено развитие в цялост. Социология на отделните обществени системи
_b316.32
_x(082.2)
_z316.32(082.2)
080 _aНормативни и оценъчни аспекти на културата. Идеология. Социология на идеологията. - Социални норми и ценности. Нормени конфликти. Табу
_b316.75
_x(082.2)
_z316.75(082.2)
700 1 _aКръстев, Иван
_eсъстав.
_gИванов, Иван Кръстев
_9365122
700 1 _aВатова, Ивелина
_eпрев. от англ.
_9369030
700 1 _aПопова, Милена
_eпрев. от англ.
_9366614
139 _aАнатомия на корупцията
_bА 64
245 1 0 _aАнатомия на корупцията
_bАнтология
_cсъстав. Иван Кръстев; прев. от англ. Ивелина Ватова; прев. от англ. Милена Попова.
257 _aBGR
260 София
_bЗлаторогъ
_c2004
300 _a470 с.
_bс табл., диагр.
_c20 см
380 _a3
500 _aОфс. изд.
650 4 _aКорупция
_9159504
650 4 _aОбщество - развитие
_9244543
653 _aкорупция
653 _aобщество
852 _aЦб 222128
856 4 _qpdf
_u
856 4 _qpdf
_u
942 _cKNG
_n0
944 _aCR
_c03.01.2005
_kВаля_Йорданова
944 _aED
_c02.08.2006
_k
999 _c111453
_d111453